[Event "III Open A Carnevale"]
[Site "Viareggio ITA"]
[Date "1998.02.??"]
[Round "4"]
[White "Ferraro, Francesco"]
[Black "Pieraccini, Carlo Alberto"]
[Result "0-1"]
[WhiteElo "2060"]
[BlackElo "1685"]
[PlyCount "74"]
[EventDate "1998.02.27"]

1. d4 d5 2. Nf3 Nf6 3. Bf4 e6 4. e3 c6 5. Nbd2 Bd6 6. Ne5 O-O 7. Be2 Bxe5 8.
Bxe5 Nbd7 9. Bg3 Re8 10. O-O e5 11. dxe5 Nxe5 12. Nf3 Nxf3+ 13. Bxf3 Ne4 14. c3
Nxg3 15. hxg3 Bf5 16. Qb3 Rb8 17. Rad1 b5 18. Rd4 Qb6 19. a3 a5 20. Qd1 a4 21.
Qd2 Re7 22. Rd1 Rbe8 23. Rh4 Qc7 24. Qd4 Be4 25. Qc5 Bxf3 26. gxf3 Rxe3 27.
Rxd5 Rxf3 28. Rd6 Qe7 29. Rxc6 Rxg3+ 30. fxg3 Qe1+ 31. Kg2 Re2+ 32. Kh3 Qf1+
33. Kg4 Re4+ 34. Kh5 Qe2+ 35. Kg5 Re5+ 36. Qxe5 Qxe5+ 37. Kg4 Qe4+ 0-1

[Event "III Open A Carnevale"]
[Site "Viareggio ITA"]
[Date "1998.02.??"]
[Round "4"]
[White "Ferretti, Folco"]
[Black "Djuric, Stefan"]
[Result "0-1"]
[WhiteElo "2270"]
[BlackElo "2520"]
[PlyCount "40"]
[EventDate "1998.02.27"]

1. e4 c5 2. c3 g6 3. d4 cxd4 4. cxd4 d5 5. exd5 Nf6 6. Bb5+ Bd7 7. Bc4 Bg4 8.
Qb3 Bg7 9. Qxb7 Nbd7 10. Nc3 O-O 11. Bf4 Nb6 12. Bb3 Ne8 13. Nge2 a5 14. Bg5
Bf6 15. Bxf6 exf6 16. Qc6 Nd6 17. Na4 Nxa4 18. f3 Nb6 19. Qc3 Bf5 20. O-O a4
0-1

[Event "III Open A Carnevale"]
[Site "Viareggio ITA"]
[Date "1998.02.??"]
[Round "4"]
[White "Pinto, Antonio"]
[Black "Randazzo, Sergio"]
[Result "0-1"]
[WhiteElo "1672"]
[BlackElo "2009"]
[PlyCount "38"]
[EventDate "1998.02.27"]

1. e4 c5 2. c3 d5 3. exd5 Qxd5 4. d4 Nf6 5. Nf3 Bg4 6. Be2 e6 7. Be3 cxd4 8.
cxd4 Nc6 9. Nc3 Qd6 10. O-O Be7 11. Rc1 O-O 12. a3 Rfd8 13. Qa4 a6 14. Rfd1 b5
15. Qc2 Rac8 16. h3 Bh5 17. a4 Bg6 18. Qb3 b4 19. Bxa6 Na5 0-1

[Event "III Open A Carnevale"]
[Site "Viareggio ITA"]
[Date "1998.02.??"]
[Round "4"]
[White "Profili, Bruno"]
[Black "Maccario, Mauro"]
[Result "0-1"]
[WhiteElo "1603"]
[BlackElo "1815"]
[PlyCount "62"]
[EventDate "1998.02.27"]

1. Nf3 Nf6 2. g3 g6 3. Bg2 Bg7 4. d3 d6 5. e4 e5 6. O-O O-O 7. Be3 Nc6 8. h3 h6
9. Qd2 Kh7 10. c4 Ne7 11. Nc3 c6 12. b4 Nh5 13. g4 Nf4 14. Bxf4 exf4 15. d4 f5
16. exf5 gxf5 17. g5 Ng6 18. h4 hxg5 19. Nxg5+ Kg8 20. d5 Nxh4 21. Qxf4 Nxg2
22. Kxg2 Bh6 23. Qh2 Qxg5+ 24. Kh1 Bg7 25. Rg1 Qf6 26. Rg3 Kf7 27. Qh5+ Ke7 28.
Kg2 Rh8 29. Re1+ Kd8 30. Qe2 Qh4 31. Rxg7 Qh3+ 0-1

[Event "III Open A Carnevale"]
[Site "Viareggio ITA"]
[Date "1998.02.??"]
[Round "4"]
[White "Rinaldi, Francesco Saverio"]
[Black "Bini, Alessandro"]
[Result "1/2-1/2"]
[WhiteElo "1872"]
[BlackElo "1657"]
[PlyCount "128"]
[EventDate "1998.02.27"]

1. d4 Nc6 2. Nf3 d6 3. c3 Nf6 4. Bg5 e6 5. Nbd2 Be7 6. e4 O-O 7. Bd3 a6 8. Qe2
e5 9. d5 Na7 10. h3 Nxd5 11. exd5 Bxg5 12. Nxg5 Qxg5 13. Ne4 Qh6 14. g4 f5 15.
Ng3 Qf4 16. gxf5 Bd7 17. Rg1 e4 18. Bc2 Bxf5 19. Nh5 Qe5 20. Nxg7 Kh8 21. Nxf5
Rxf5 22. O-O-O Qf4+ 23. Kb1 Re8 24. Rd2 Ref8 25. Bxe4 Qxf2 26. Qg4 Qxg1+ 27.
Qxg1 Rf1+ 28. Rd1 Rxg1 29. Rxg1 Nc8 30. Kc2 Rf2+ 31. Kb3 Rf4 32. Rg4 Rxg4 33.
hxg4 h6 34. Bf5 Ne7 35. Be6 Kg7 36. Kc4 Kf6 37. Kd4 c6 38. c4 c5+ 39. Ke4 b5
40. cxb5 axb5 41. a3 Nc6 42. Bd7 Nd4 43. b4 Nc2 44. bxc5 dxc5 45. Bxb5 Nxa3 46.
Bd7 Nc4 47. Be6 Nd6+ 48. Ke3 Ke5 49. Bg8 c4 50. Kd2 Ne4+ 51. Kc2 Nf6 52. d6
Kxd6 53. Bxc4 Nxg4 54. Kd2 Ke5 55. Ke2 Kf4 56. Bf7 Kg3 57. Ke1 Ne5 58. Be8 Nd3+
59. Kf1 Kh2 60. Ke2 Nf4+ 61. Kf3 Nd5 62. Bf7 Nf6 63. Bg6 Kh3 64. Ke3 Ng4+
1/2-1/2

[Event "III Open A Carnevale"]
[Site "Viareggio ITA"]
[Date "1998.02.??"]
[Round "4"]
[White "Santilli, Enrico"]
[Black "Aglietti, Graziano"]
[Result "0-1"]
[WhiteElo "1651"]
[BlackElo "2060"]
[PlyCount "66"]
[EventDate "1998.02.27"]

1. d4 Nf6 2. Bg5 e6 3. Nf3 c5 4. e3 cxd4 5. exd4 Be7 6. Nbd2 Nc6 7. c3 a6 8.
Bd3 b5 9. O-O O-O 10. Ne5 Nd5 11. Qh5 f5 12. f4 Nxe5 13. Bxe7 Qxe7 14. fxe5 Ne3
15. Rf3 Ng4 16. Rg3 g6 17. Qh3 Qg5 18. Nf1 h5 19. Be2 Bb7 20. Rd3 Be4 21. Rdd1
f4 22. Bf3 Bf5 23. g3 Nxe5 24. Qg2 Nxf3+ 25. Qxf3 Bg4 26. Qb7 Bxd1 27. Rxd1
fxg3 28. hxg3 d5 29. Re1 Qf5 30. Ra1 g5 31. Qc6 h4 32. Qd6 h3 33. Qe5 Qf2+ 0-1

[Event "III Open A Carnevale"]
[Site "Viareggio ITA"]
[Date "1998.02.??"]
[Round "4"]
[White "Sedina, Elena"]
[Black "Picard, Clement"]
[Result "1-0"]
[WhiteElo "2380"]
[BlackElo "2150"]
[PlyCount "75"]
[EventDate "1998.02.27"]

1. e4 c5 2. Nf3 Nc6 3. Bb5 g6 4. Bxc6 dxc6 5. h3 Bg7 6. d3 e5 7. Be3 Qe7 8.
Nbd2 b6 9. O-O Nh6 10. Nc4 f6 11. a3 O-O 12. b4 cxb4 13. axb4 Be6 14. c3 Rfd8
15. Qe2 Nf7 16. Ra3 Nd6 17. Rfa1 Nxc4 18. dxc4 Qc7 19. Ra6 Qb7 20. Qa2 Rd3 21.
Rxb6 axb6 22. Qxa8+ Qxa8 23. Rxa8+ Kf7 24. Ra7+ Kg8 25. Rc7 Bxc4 26. Bxb6 Bb5
27. c4 Ba4 28. Be3 Bf8 29. Ra7 Bc2 30. b5 cxb5 31. cxb5 Rd1+ 32. Kh2 Bxe4 33.
Nd2 Bd5 34. Rd7 Be6 35. Rd8 Kf7 36. b6 Bc8 37. Rxc8 Bd6 38. Ne4 1-0

[Event "III Open A Carnevale"]
[Site "Viareggio ITA"]
[Date "1998.02.??"]
[Round "5"]
[White "Cambi, Renzo"]
[Black "Profili, Bruno"]
[Result "1-0"]
[WhiteElo "1773"]
[BlackElo "1603"]
[PlyCount "71"]
[EventDate "1998.02.27"]

1. d4 e5 2. dxe5 Nc6 3. Nf3 Qe7 4. Nc3 Nxe5 5. Nxe5 Qxe5 6. g3 Bb4 7. Bd2 Nf6
8. Bg2 c6 9. O-O O-O 10. a3 Bc5 11. b4 Bd4 12. Qe1 Re8 13. e3 Bb6 14. Na4 Bc7
15. e4 d6 16. Nc3 Be6 17. Bf4 Qh5 18. Qd1 Bg4 19. f3 Bh3 20. g4 Qh4 21. Bg3
Bb6+ 22. Kh1 Qh6 23. Ne2 d5 24. Bxh3 Qxh3 25. Nf4 Qh6 26. exd5 Be3 27. Ng2 Nxd5
28. c4 Nc3 29. Qc2 Bd4 30. Rae1 Qf6 31. Qd3 Rad8 32. g5 Be5 33. gxf6 Rxd3 34.
Bxe5 Red8 35. fxg7 Nd1 36. Bf6 1-0

[Event "III Open A Carnevale"]
[Site "Viareggio ITA"]
[Date "1998.02.??"]
[Round "5"]
[White "Cappellari, Mario"]
[Black "Rinaldi, Francesco Saverio"]
[Result "0-1"]
[WhiteElo "1603"]
[BlackElo "1872"]
[PlyCount "56"]
[EventDate "1998.02.27"]

1. Nf3 Nf6 2. g3 c5 3. Bg2 g6 4. O-O Bg7 5. d3 d5 6. Nbd2 O-O 7. e4 e6 8. Re1
Nc6 9. c3 b5 10. a3 a5 11. e5 Nd7 12. d4 Qb6 13. Nf1 cxd4 14. cxd4 f6 15. Bf4
fxe5 16. dxe5 b4 17. Rc1 Ba6 18. Bh3 Rae8 19. Bxe6+ Rxe6 20. Qxd5 Ncxe5 21.
Nxe5 Nxe5 22. Bxe5 Bxe5 23. Rxe5 Qxf2+ 24. Kh1 Bb7 25. Qxb7 Rxe5 26. Qc7 Re2
27. Qc4+ Kh8 28. Qd5 Qxf1+ 0-1

[Event "III Open A Carnevale"]
[Site "Viareggio ITA"]
[Date "1998.02.??"]
[Round "5"]
[White "Djuric, Stefan"]
[Black "Efimov, Igor"]
[Result "1-0"]
[WhiteElo "2520"]
[BlackElo "2525"]
[PlyCount "40"]
[EventDate "1998.02.27"]

1. d4 Nf6 2. c4 e6 3. Nc3 Bb4 4. Nf3 d5 5. e3 O-O 6. Be2 b6 7. a3 Bd6 8. Qc2
Bb7 9. b4 a5 10. b5 Nbd7 11. cxd5 exd5 12. a4 Re8 13. Qb3 Nf8 14. Ba3 Ng6 15.
Rc1 Bc8 16. O-O Bf5 17. Nd2 Qe7 18. Bxd6 Qxd6 19. Bf3 Rad8 20. Ne2 Qe7 1-0

[Event "III Open A Carnevale"]
[Site "Viareggio ITA"]
[Date "1998.02.??"]
[Round "5"]
[White "Germano, Vincenzo"]
[Black "Beggi, Pierluigi"]
[Result "0-1"]
[WhiteElo "1740"]
[BlackElo "2205"]
[PlyCount "54"]
[EventDate "1998.02.27"]

1. e4 c5 2. Nf3 e6 3. d4 cxd4 4. Nxd4 a6 5. Be2 Nf6 6. Nd2 Qc7 7. O-O Bd6 8.
N2f3 Nc6 9. Re1 Ng4 10. g3 Bc5 11. Rf1 h5 12. Nb3 Ba7 13. Nfd4 Nxd4 14. Nxd4 b5
15. Bxg4 hxg4 16. c3 Bb7 17. Qxg4 O-O-O 18. a4 f5 19. Qf4 e5 20. Qxf5 exd4 21.
Bf4 Qc5 22. Qg4 Bxe4 23. Bd6 Qd5 24. cxd4 Rxh2 25. Rfc1+ Kb7 26. Rc7+ Ka8 27.
Kf1 Bf3 0-1

[Event "III Open A Carnevale"]
[Site "Viareggio ITA"]
[Date "1998.02.??"]
[Round "5"]
[White "Lampic, Teo"]
[Black "Aglietti, Graziano"]
[Result "1-0"]
[WhiteElo "2295"]
[BlackElo "2060"]
[PlyCount "79"]
[EventDate "1998.02.27"]

1. e4 e6 2. d4 d5 3. Nd2 c5 4. exd5 Qxd5 5. Ngf3 cxd4 6. Bc4 Qh5 7. O-O Nc6 8.
Ne4 Bd7 9. Bf4 O-O-O 10. Nxd4 Qxd1 11. Raxd1 e5 12. Nxc6 Bxc6 13. Rxd8+ Kxd8
14. Ng5 Nh6 15. Bxe5 f6 16. Ne6+ Kc8 17. Bf4 g5 18. Be3 Bd6 19. Bxa7 Ng4 20. h3
Ne5 21. Bb3 g4 22. hxg4 h5 23. Rd1 Bc7 24. Nxc7 Kxc7 25. g5 fxg5 26. Bd4 Re8
27. Be3 h4 28. Bxg5 h3 29. Bf4 hxg2 30. Re1 Kd6 31. c3 Re7 32. Rxe5 Rxe5 33. a3
Be4 34. Bc4 Bf3 35. b4 b6 36. a4 Bc6 37. a5 bxa5 38. bxa5 Bb7 39. Bb5 Ba8 40.
a6 1-0

[Event "III Open A Carnevale"]
[Site "Viareggio ITA"]
[Date "1998.02.??"]
[Round "5"]
[White "Maccario, Mauro"]
[Black "Sedina, Elena"]
[Result "0-1"]
[WhiteElo "1815"]
[BlackElo "2380"]
[PlyCount "88"]
[EventDate "1998.02.27"]

1. d4 Nf6 2. c4 c5 3. d5 b5 4. cxb5 a6 5. b6 Qxb6 6. Nc3 g6 7. Nf3 d6 8. a4 Bg7
9. a5 Qd8 10. Nd2 O-O 11. e4 Nbd7 12. Be2 Rb8 13. O-O Ne8 14. Nc4 Nc7 15. Na4
Nb5 16. Ncb6 Nxb6 17. Nxb6 Bd7 18. Rb1 Qc7 19. Bg5 Rfe8 20. Bc4 Qa7 21. f4 Nd4
22. b4 Bb5 23. Qd3 Bxc4 24. Qxc4 Nb5 25. Rbd1 cxb4 26. Kh1 Qc7 27. Qxb4 Bc3 28.
Qa4 Bxa5 29. Qxa5 Qxb6 30. Ra1 Qxa5 31. Rxa5 Nc3 32. e5 Rb5 33. Rxa6 dxe5 34.
fxe5 Rb3 35. e6 f6 36. Bf4 g5 37. Bc7 Ne4 38. g4 Rc8 39. Ra7 Kf8 40. Kg2 Rc3
41. Ba5 Rc2+ 42. Kf3 Nd2+ 43. Bxd2 Rxd2 44. h4 gxh4 {...} 0-1

[Event "III Open A Carnevale"]
[Site "Viareggio ITA"]
[Date "1998.02.??"]
[Round "5"]
[White "Picard, Clement"]
[Black "Arrighini, Giovanni"]
[Result "1-0"]
[WhiteElo "2150"]
[BlackElo "1821"]
[PlyCount "59"]
[EventDate "1998.02.27"]

1. e4 d5 2. exd5 Nf6 3. d4 Nxd5 4. c4 Nb6 5. Nf3 g6 6. Bd2 Bg7 7. Bc3 O-O 8.
Be2 N8d7 9. O-O Nf6 10. Nbd2 Nbd7 11. Re1 e6 12. Ne5 Nxe5 13. dxe5 Nd7 14. Bf3
Qe7 15. Qc2 Rb8 16. Rad1 Qg5 17. Ne4 Qe7 18. Ng3 Re8 19. Qa4 Nb6 20. Qb3 Qc5
21. Re4 Nd7 22. Bb4 Qb6 23. Qa4 c6 24. Bd6 Ra8 25. b4 Qd8 26. Be2 Nb6 27. Qb3
Bd7 28. a4 a5 29. Bc5 Nc8 30. Red4 1-0

[Event "III Open A Carnevale"]
[Site "Viareggio ITA"]
[Date "1998.02.??"]
[Round "5"]
[White "Pieraccini, Carlo Alberto"]
[Black "Ferretti, Folco"]
[Result "0-1"]
[WhiteElo "1685"]
[BlackElo "2270"]
[PlyCount "82"]
[EventDate "1998.02.27"]

1. d4 Nf6 2. Nf3 b6 3. e3 e6 4. Bd3 c5 5. Nbd2 Be7 6. Qe2 Nc6 7. c3 O-O 8. O-O
Qc7 9. e4 cxd4 10. cxd4 Nb4 11. b3 Nxd3 12. Qxd3 Bb7 13. Bb2 d5 14. Rac1 Qd8
15. e5 Ne4 16. Nb1 f6 17. Rc2 a5 18. Rfc1 Ba6 19. Qe3 fxe5 20. dxe5 Bc5 21. Bd4
Rc8 22. Nc3 Bxd4 23. Nxd4 Nc5 24. Ncb5 Bxb5 25. Nxb5 Qh4 26. Nd4 Rce8 27. a3
Qe4 28. Qxe4 dxe4 29. Re1 Rc8 30. Rec1 Rcd8 31. Rxc5 Rxd4 32. Rc6 Rd7 33. Rf1
b5 34. Rxe6 Rc8 35. Ra6 Rc2 36. Rd6 e3 37. Ra1 Rxd6 38. exd6 Rd2 39. Rc1 e2 40.
Rc8+ Kf7 41. Rc7+ Kf6 0-1

[Event "III Open A Carnevale"]
[Site "Viareggio ITA"]
[Date "1998.02.??"]
[Round "5"]
[White "Randazzo, Sergio"]
[Black "Federico, Giancarlo"]
[Result "1-0"]
[WhiteElo "2009"]
[BlackElo "1791"]
[PlyCount "89"]
[EventDate "1998.02.27"]

1. e4 e6 2. d3 d5 3. Nd2 Nf6 4. g3 c5 5. Ngf3 Nc6 6. Bg2 Be7 7. O-O O-O 8. e5
Nd7 9. Re1 Qc7 10. Qe2 b5 11. Nf1 a5 12. h4 Ba6 13. Bf4 Nd4 14. Nxd4 cxd4 15.
Qg4 Rfc8 16. Re2 b4 17. Nh2 a4 18. b3 Qc3 19. Rc1 Bb5 20. h5 axb3 21. Bh6 g6
22. hxg6 hxg6 23. axb3 Ra1 24. Rxa1 Qxa1+ 25. Bf1 Qb1 26. Nf3 Rxc2 27. Rxc2
Qxc2 28. Nxd4 Nxe5 29. Qf4 Qc7 30. Nxb5 Qb8 31. d4 Nc6 32. Qxb8+ Nxb8 33. Bf4
Nc6 34. Bd3 g5 35. Bc7 f5 36. Bb6 Bf6 37. f4 g4 38. Kf2 Kf8 39. Ke3 Ke7 40. Na7
Nxa7 41. Bxa7 Kd7 42. Bc5 Be7 43. Bb5+ Kd8 44. Kd3 Bh4 45. gxh4 1-0

[Event "III Open A Carnevale"]
[Site "Viareggio ITA"]
[Date "1998.02.??"]
[Round "5"]
[White "Tacchi, Fabio"]
[Black "Marson, Paolo Giuseppe"]
[Result "0-1"]
[WhiteElo "1699"]
[BlackElo "1564"]
[PlyCount "99"]
[EventDate "1998.02.27"]

1. d4 Nf6 2. c4 g6 3. Nc3 Bg7 4. e4 d6 5. Nf3 O-O 6. Be2 Bg4 7. O-O Nbd7 8. h3
Bxf3 9. Bxf3 Rb8 10. Be3 c5 11. d5 a6 12. a4 b6 13. Qc2 Qc7 14. Be2 Rb7 15. Ra3
Rfb8 16. Rfa1 h6 17. Bc1 Kh7 18. a5 Ra8 19. Nb5 axb5 20. axb6 Nxb6 21. Rxa8
Nxa8 22. Rxa8 b4 23. Qa4 Qd7 24. Qxd7 Rxd7 25. Bd3 Rb7 26. f4 Nd7 27. Kf2 Bd4+
28. Kf3 Nb6 29. Ra6 Kg7 30. g4 f6 31. h4 Kf7 32. b3 Nd7 33. Ra8 Nb6 34. Ra6 Nd7
35. Kg3 Kg7 36. Bc2 Bc3 37. Ra2 Nb6 38. Kf2 Nxc4 39. bxc4 b3 40. Bxb3 Rxb3 41.
Ra3 Bd4+ 42. Ke2 Rb1 43. Kd2 Bb2 44. Bxb2 Rxb2+ 45. Ke1 Rg2 46. g5 hxg5 47.
hxg5 fxg5 48. e5 dxe5 49. fxe5 Rc2 50. d6 0-1

[Event "III Open A Carnevale"]
[Site "Viareggio ITA"]
[Date "1998.02.??"]
[Round "6"]
[White "Beggi, Pierluigi"]
[Black "Cambi, Renzo"]
[Result "1/2-1/2"]
[WhiteElo "2205"]
[BlackElo "1773"]
[PlyCount "72"]
[EventDate "1998.02.27"]

1. d4 d5 2. c4 c6 3. Nc3 Nf6 4. e3 e6 5. Nf3 Be7 6. Bd3 O-O 7. h3 dxc4 8. Bxc4
b5 9. Bd3 a6 10. O-O c5 11. dxc5 Bxc5 12. e4 Bb7 13. Bg5 h6 14. Bh4 Nbd7 15.
Qe2 Rc8 16. Rfd1 Qb6 17. Rac1 Rfe8 18. Bb1 e5 19. Bg3 Bc6 20. Nh4 Bf8 21. Kh1
Nc5 22. Nd5 Qd8 23. Nb4 Qb6 24. Nxc6 Rxc6 25. Rc3 Na4 26. Rxc6 Qxc6 27. f3 Bc5
28. Bf2 Qb6 29. Bxc5 Qxc5 30. Nf5 Nb6 31. Bc2 Rc8 32. h4 Nh5 33. Kh2 Nf4 34.
Qe1 Kf8 35. Qd2 Ne6 36. Nxh6 Qxc2 1/2-1/2

[Event "III Open A Carnevale"]
[Site "Viareggio ITA"]
[Date "1998.02.??"]
[Round "6"]
[White "Efimov, Igor"]
[Black "Picard, Clement"]
[Result "1-0"]
[WhiteElo "2525"]
[BlackElo "2150"]
[PlyCount "89"]
[EventDate "1998.02.27"]

1. d4 Nf6 2. Nf3 c5 3. d5 b5 4. c4 Bb7 5. a4 bxc4 6. Nc3 a5 7. e4 d6 8. Bxc4 g6
9. e5 dxe5 10. Bb5+ Nfd7 11. Nxe5 Bg7 12. Bf4 Bxe5 13. Bxe5 O-O 14. Bf4 Na6 15.
O-O Nc7 16. Bc6 Ba6 17. Re1 Rc8 18. d6 exd6 19. Qxd6 Nb8 20. Bf3 Qxd6 21. Bxd6
Rfd8 22. Bxc5 Ne6 23. Bb6 Rd2 24. Nd5 Nc6 25. Rac1 Kg7 26. Be3 Rxb2 27. Nb6
Rxb6 28. Bxb6 Ne5 29. Rxc8 Nxf3+ 30. gxf3 Bxc8 31. Bxa5 Kf6 32. Rc1 Bb7 33. Rb1
Bxf3 34. Bc3+ Ke7 35. a5 Nc7 36. Rb6 Na8 37. Bb4+ Ke8 38. Rb8+ Kd7 39. a6 Ke6
40. Ba5 Kf5 41. Kf1 h5 42. Ke1 Kg4 43. Rb3 h4 44. h3+ Kxh3 45. Rxf3+ 1-0

[Event "III Open A Carnevale"]
[Site "Viareggio ITA"]
[Date "1998.02.??"]
[Round "6"]
[White "Ferretti, Folco"]
[Black "Randazzo, Sergio"]
[Result "1/2-1/2"]
[WhiteElo "2270"]
[BlackElo "2009"]
[PlyCount "114"]
[EventDate "1998.02.27"]

1. e4 c5 2. c3 d5 3. exd5 Qxd5 4. d4 Nf6 5. Nf3 Bg4 6. Be2 e6 7. h3 Bh5 8. Na3
Nc6 9. Be3 cxd4 10. Nb5 Rc8 11. Nbxd4 a6 12. O-O Be7 13. Nxc6 Qxc6 14. Nd4 Bxe2
15. Qxe2 Qc4 16. b3 Qxe2 17. Nxe2 O-O 18. c4 Rfd8 19. Rfd1 Rxd1+ 20. Rxd1 Rd8
21. Rxd8+ Bxd8 22. Nc3 Be7 23. Na4 Nd7 24. Kf1 Kf8 25. Ke2 Ke8 26. Bd4 g6 27.
Kd3 Kd8 28. Kc3 Kc7 29. b4 Kc6 30. Nb2 e5 31. Be3 f5 32. Nd3 Bf6 33. Kb3 g5 34.
f3 Nf8 35. a4 Ne6 36. b5+ axb5 37. axb5+ Kd7 38. c5 Nf4 39. Nxf4 exf4 40. Bd2
Be5 41. Bc3 Bc7 42. Kc4 Ke6 43. Bd4 h5 44. Bf2 Bd8 45. b6 Kd7 46. Kd5 Bf6 47.
Bd4 Be7 48. Be5 Bf8 49. Bf6 g4 50. Bg5 gxh3 51. gxh3 Bg7 52. Bxf4 Bf6 53. Be3
Bg7 54. Bd4 Bf8 55. Bf6 Bh6 56. Ke5 Be3 57. Kxf5 Bxc5 1/2-1/2

[Event "VI Torneo del Litorale A"]
[Site "Roma ITA"]
[Date "1998.02.13"]
[Round "1"]
[White "Arca', Luciano"]
[Black "Abuhamdieh, Arafat"]
[Result "1/2-1/2"]
[WhiteElo "1600"]
[BlackElo "1357"]
[PlyCount "106"]
[EventDate "1998.02.13"]

1.e4 e5 2.Nf3 Nc6 3.d4 exd4 4.Bc4 h6 5.Nxd4 Ne5 6.Bb3 d6 7.O-O Nf6 8.Nc3 
Bg4 9.Qe1 g5 10.Qe3 Qd7 11.f3 Bh5 12.Qd2 O-O-O 13.Ba4 c6 14.Qf2 Qc7 15.b4 
a6 16.Rb1 b5 17.Bb3 c5 18.Be6+ fxe6 19.Nxe6 Qc6 20.Nxd8 Kxd8 21.bxc5 Qxc5 
22.Qxc5 dxc5 23.Rd1+ Kc8 24.Re1 Bxf3 25.gxf3 Nxf3+ 26.Kf2 Nxe1 27.Kxe1 Bd6
28.Bb2 Be5 29.Rd1 Rd8 30.Rxd8+ Kxd8 31.Ke2 b4 32.Na4 Bxb2 33.Nxb2 Nxe4 34.
Na4 Kc7 35.Ke3 Nf6 36.Nxc5 Kb6 37.Nd3 a5 38.h3 Kb5 39.Kd4 h5 40.c3 bxc3 
41.Kxc3 g4 42.hxg4 hxg4 43.Nf4 g3 44.Kd3 Kb4 45.Kc2 Ka3 46.Kb1 Ne4 47.Ka1 
Nc3 48.Ng2 Nxa2 49.Kb1 Nc3+ 50.Ka1 Kb3 51.Ne1 a4 52.Nc2 g2 53.Ne1 g1=Q 
1/2-1/2

[Event "VI Torneo del Litorale A"]
[Site "Roma ITA"]
[Date "1998.02.13"]
[Round "1"]
[White "Casella, Carlo"]
[Black "Corinthios, Raimondo"]
[Result "1-0"]
[WhiteElo "1639"]
[BlackElo "1468"]
[PlyCount "119"]
[EventDate "1998.02.13"]

1.e4 e5 2.Nf3 Nc6 3.Bc4 Nf6 4.d3 d6 5.Nc3 Bg4 6.Qd2 Na5 7.Bb3 Nxb3 8.axb3 
Be7 9.Qe3 a6 10.h3 Be6 11.d4 exd4 12.Nxd4 Bd7 13.O-O O-O 14.f4 c5 15.Nf3 
d5 16.exd5 Re8 17.Qd3 Bd6 18.Bd2 Qc8 19.Nh4 b5 20.Rfe1 c4 21.bxc4 bxc4 22.
Rxe8+ Bxe8 23.Qe2 Qb7 24.Ra2 Nxd5 25.Qxc4 Nxc3 26.Bxc3 Rc8 27.Qxa6 Qd7 28.
Qf1 Bc5+ 29.Kh1 Qd5 30.Ra5 Qc6 31.Nf3 Qb7 32.Qe2 Bd7 33.Qe5 Bf8 34.Kh2 Re8
35.Qd4 Re2 36.Qd3 Re6 37.Rg5 Rg6 38.Rxg6 hxg6 39.Ne5 Bb5 40.Qf3 Qc8 41.Qd5
Be8 42.Nxg6 Bc6 43.Qc4 Qb7 44.Nxf8 Bxg2 45.Qe2 Bc6 46.Qg4 Kxf8 47.Qxg7+ 
Ke8 48.Qe5+ Kd7 49.Qf5+ Ke8 50.Qg4 Be4 51.Qe2 Qd5 52.Be5 Kf8 53.h4 Bf5 54.
h5 f6 55.Bxf6 Qf7 56.Bg5 Qh7 57.c3 Bg6 58.h6 Be4 59.b4 Qc7 60.Qxe4 1-0

[Event "VI Torneo del Litorale A"]
[Site "Roma ITA"]
[Date "1998.02.13"]
[Round "1"]
[White "Corvi, Marco"]
[Black "De Luca, Stefano"]
[Result "1-0"]
[WhiteElo "2320"]
[BlackElo "1600"]
[PlyCount "47"]
[EventDate "1998.02.13"]

1.e4 d6 2.d4 Nf6 3.Nc3 g6 4.Be3 c6 5.Qd2 Bg7 6.Nf3 Nbd7 7.Bh6 O-O 8.Bxg7 
Kxg7 9.O-O-O b5 10.e5 Ne8 11.h4 h5 12.Bd3 Nb6 13.Rhe1 Nc4 14.Qg5 Be6 15.
exd6 exd6 16.Rxe6 Qxg5+ 17.Nxg5 fxe6 18.Nxe6+ Kf7 19.Nxf8 Kxf8 20.Bxg6 Nf6
21.b3 Nb6 22.Re1 Kg7 23.Bd3 Kf7 24.Ne4 1-0

[Event "VI Torneo del Litorale A"]
[Site "Roma ITA"]
[Date "1998.02.13"]
[Round "1"]
[White "Dentale, Enrico"]
[Black "Tommasini, Enzo"]
[Result "0-1"]
[WhiteElo "1552"]
[BlackElo "2095"]
[PlyCount "42"]
[EventDate "1998.02.13"]

1.Nf3 d5 2.d4 Nf6 3.Bf4 e6 4.e3 c5 5.c4 Nc6 6.Nc3 a6 7.cxd5 Nxd5 8.Nxd5 
Qxd5 9.e4 Qxe4+ 10.Be3 cxd4 11.Nxd4 Bb4+ 12.Ke2 Bd7 13.f3 Qe5 14.Qd3 Rd8 
15.Kf2 Bc5 16.Nb3 Nb4 17.Qe4 Qxe4 18.fxe4 Bxe3+ 19.Kxe3 Nc2+ 20.Kf4 Nxa1 
21.Nxa1 Bc6 0-1

[Event "VI Torneo del Litorale A"]
[Site "Roma ITA"]
[Date "1998.02.13"]
[Round "1"]
[White "Farina, Saverio"]
[Black "Terreri, Amerigo"]
[Result "1-0"]
[WhiteElo "2200"]
[BlackElo "1561"]
[PlyCount "81"]
[EventDate "1998.02.13"]

1.d4 d5 2.c4 c6 3.Nc3 e6 4.e4 dxe4 5.Nxe4 Nd7 6.Nf3 Ngf6 7.Bg5 h6 8.Nxf6+ 
Nxf6 9.Be3 Bb4+ 10.Bd2 Qa5 11.Bd3 Bxd2+ 12.Qxd2 Qxd2+ 13.Kxd2 Bd7 14.Ne5 
Rc8 15.c5 b5 16.a4 b4 17.Nc4 Rb8 18.Nd6+ Ke7 19.Rhe1 g6 20.f4 Ne8 21.Nc4 
Nf6 22.Be4 Rhd8 23.Ne5 Rbc8 24.Ke3 h5 25.h3 Rc7 26.g4 Rcc8 27.g5 Ne8 28.h4
Ng7 29.Nc4 Ne8 30.Kf3 Kf8 31.a5 Rc7 32.Ra4 Rb8 33.Ne5 Ke7 34.Bd3 Ng7 35.
Nc4 Ne8 36.Kg3 Kf8 37.Be4 Ke7 38.Ne5 Ng7 39.Re3 Nf5+ 40.Bxf5 exf5 41.Nxc6+
1-0

[Event "VI Torneo del Litorale A"]
[Site "Roma ITA"]
[Date "1998.02.13"]
[Round "1"]
[White "Gergely, Imre"]
[Black "Pagano, Sergio M."]
[Result "0-1"]
[WhiteElo "1564"]
[BlackElo "2200"]
[PlyCount "38"]
[EventDate "1998.02.13"]

1.d4 d6 2.c4 g6 3.Nc3 Bg7 4.e4 Nc6 5.Be3 e5 6.d5 Nce7 7.Be2 f5 8.exf5 Nxf5
9.Qd2 Nxe3 10.Qxe3 a6 11.Nf3 Bh6 12.Qd3 Nf6 13.O-O Bf5 14.Qd1 Nh5 15.Nxe5 
Nf4 16.Ng4 Bg7 17.Re1 O-O 18.Bf1 Qg5 19.Ne3 Nh3+ 0-1

[Event "VI Torneo del Litorale A"]
[Site "Roma ITA"]
[Date "1998.02.13"]
[Round "1"]
[White "Iacoacci, Giancarlo"]
[Black "Scacco, Mauro"]
[Result "0-1"]
[WhiteElo "1549"]
[BlackElo "2050"]
[PlyCount "121"]
[EventDate "1998.02.13"]

1.d4 Nf6 2.Nf3 g6 3.e3 Bg7 4.Bd3 O-O 5.O-O d6 6.h3 Nbd7 7.b3 e5 8.Nbd2 Re8
9.dxe5 dxe5 10.e4 Nc5 11.Re1 Nxd3 12.cxd3 Qxd3 13.Rb1 Nh5 14.Bb2 Nf4 15.
Re3 Qd8 16.Nc4 Qxd1+ 17.Rxd1 f6 18.Kh2 Be6 19.Na5 b6 20.Nc6 a5 21.Ng1 Bf8 
22.a4 Bd6 23.Rf3 Bd7 24.Rc3 f5 25.f3 Re6 26.Kh1 Nh5 27.Ba3 fxe4 28.fxe4 
Ng3+ 29.Rxg3 Bxc6 30.Bxd6 cxd6 31.Nf3 Rf6 32.Nd2 d5 33.exd5 Bxd5 34.Nc4 
Bxc4 35.bxc4 Rc8 36.Rc1 Rf4 37.Rgc3 Kf7 38.Kg1 Ke6 39.Rb1 Rc6 40.c5 bxc5 
41.Rb7 h5 42.Ra3 c4 43.Rc3 Kd5 44.Rb5+ Rc5 45.Rb8 Rd4 46.Kf2 Rd2+ 47.Kf1 
Kd4 48.Rg3 c3 49.Rd8+ Kc4 50.Rxd2 cxd2 51.Ke2 Rd5 52.Kd1 Rd6 53.Re3 Kd4 
54.Rb3 Ke4 55.Rb5 Rd5 56.Rb6 Kf5 57.Rb8 e4 58.Rf8+ Ke5 59.g4 hxg4 60.hxg4 
e3 61.g5 0-1

[Event "VI Torneo del Litorale A"]
[Site "Roma ITA"]
[Date "1998.02.13"]
[Round "1"]
[White "Marinelli, Franco"]
[Black "Esuperanzi, Gianbattista"]
[Result "0-1"]
[WhiteElo "1453"]
[BlackElo "1627"]
[PlyCount "84"]
[EventDate "1998.02.13"]

1.d4 Nf6 2.g3 e6 3.Bg2 d5 4.Nd2 c5 5.dxc5 Bxc5 6.Nb3 Bb6 7.Nh3 h6 8.O-O 
Nc6 9.c3 O-O 10.Nd4 Ne7 11.Be3 a6 12.Nc2 e5 13.Bxb6 Qxb6 14.Qc1 Bf5 15.e3 
Qe6 16.Nf4 exf4 17.Nd4 Qc8 18.exf4 Bh3 19.Re1 Nc6 20.Nxc6 bxc6 21.b4 Bxg2 
22.Kxg2 Re8 23.Qc2 Qg4 24.f3 Qd7 25.Rad1 Rxe1 26.Rxe1 Re8 27.Qd2 Re6 28.
Rxe6 Qxe6 29.Qf2 Ne8 30.Qd2 Nd6 31.Qf2 Nb5 32.Qd2 Qf6 33.Qe3 Nxc3 34.Qd2 
d4 35.a3 Nb5 36.Qd3 Nc7 37.Kf2 Qd6 38.Qf5 Qe6 39.Qd3 Qa2+ 40.Kg1 Qa1+ 41.
Kg2 Qc3 42.Qf5 Ne6 0-1